000 01349nam a22002057a 4500
999 _c60110
_d60110
003 Ge_BSU
005 20230609104351.0
008 230609s2008 ge ||||| |||| 00| 0 geo d
041 _ageo
080 _a82.0(063) ლ-68
245 _aII საერთაშორისო სიმპოზიუმი ლიტერატურათმცოდნეობის თანამედროვე პრობლემები = 2 nd International Symposium Contemporary issues of literary criticism :
_bთეზისები /
_cრედაქტორი ირმა რატიანი; შოთა რუსთაველის ქართული ლიტერატურის ინსტიტუტი.
264 _aთბილისი,
_c2008.
300 _a255გვ. ;
_b20სმ.
500 _aეძღვნება სულხან საბა ორბელიანის დაბადებიდან 350-ე წლისთავს
501 _aთეზისები ქართ., ინგლ. და რუს.
653 _aლიტერატურათმცოდნეობა
653 _aსაერთაშორისო სიმპოზიუმები.
700 _aრატიანი, ირმა
_eრედაქტორი
_95778
942 _2udc
_cBK